000 00316nam a22001337a 4500
008 170727b xxu||||| |||| 00| 0 eng d
020 _a9780131886094
041 _aeng
080 _a004
100 _a29
101 _aSHKI
245 _aSTATISTICS, DATA ANALYSIS & DECISION MODELING
_cEVANS, J.R
942 _2udc
_cBK
999 _c22015
_d22015